Countries Mike Pompeo has Visited - Statistics

General Stats
  • This quiz has been taken 41 times
    19 since last reset
  • The average score is 74 of 78
Answer Stats
Continent Country % Correct
Asia Afghanistan
100%
South America Argentina
100%
Oceania Australia
100%
Europe Belarus
100%
Europe Belgium
100%
South America Brazil
100%
North America Canada
100%
South America Chile
100%
Asia China
100%
South America Colombia
100%
North America Costa Rica
100%
Europe Croatia
100%
Europe Czech Republic
100%
Europe Denmark
100%
North America Dominican Republic
100%
North America El Salvador
100%
Europe Finland
100%
Europe France
100%
Asia Georgia
100%
Europe Germany
100%
Europe Greece
100%
South America Guyana
100%
Europe Iceland
100%
Asia India
100%
Asia Indonesia
100%
Asia Iraq
100%
Asia Israel
100%
Europe Italy
100%
North America Jamaica
100%
Asia Japan
100%
Asia Jordan
100%
Asia Kazakhstan
100%
Asia Lebanon
100%
North America Mexico
100%
North America Panama
100%
South America Peru
100%
Asia/ Europe Russia
100%
Asia Saudi Arabia
100%
Asia Singapore
100%
Europe Slovakia
100%
Asia South Korea
100%
Asia Sri Lanka
100%
South America Suriname
100%
Europe the Netherlands
100%
Asia/ Europe Turkey
100%
Europe Ukraine
100%
Asia United Arab Emirates
100%
Europe United Kingdom
100%
Asia Uzbekistan
100%
Europe Vatican City
100%
Asia Vietnam
100%
Africa Angola
86%
Europe Austria
86%
Asia Bahrain
86%
Europe Cyprus
86%
South America Ecuador
86%
Africa Egypt
86%
Europe Hungary
86%
Asia Kuwait
86%
Asia Malaysia
86%
Asia Maldives
86%
Europe Montenegro
86%
Asia North Korea
86%
Europe North Macedonia
86%
Asia Oman
86%
Asia Pakistan
86%
South America Paraguay
86%
Europe Poland
86%
Europe Portugal
86%
Asia Qatar
86%
Africa Senegal
86%
Africa Sudan
86%
Europe Switzerland
86%
Asia Thailand
86%
Asia the Philippines
86%
Africa Ethiopia
71%
Oceania Micronesia
71%
Africa Morocco
71%
No matching quizzes found
Score Distribution
Percent of People with Each Score
Percentile by Number Answered
Your Score History
You have not taken this quiz since the last reset